[Event "Lisbon zt"]
[Site "Lisbon"]
[Date "1993.??.??"]
[Round "3"]
[White "Illescas Cordoba, Miguel"]
[Black "Ochoa de Echaguen, Francisco Javier"]
[Result "1/2-1/2"]
[WhiteElo "2615"]
[BlackElo "2415"]
[Annotator "Schussler,H"]
[PlyCount "147"]
[EventDate "1993.03.??"]
[EventType "tourn"]
[EventRounds "11"]
[EventCountry "POR"]
[EventCategory "7"]
[SourceTitle "CBM 035"]
[Source "ChessBase"]
[SourceDate "1993.08.01"]
[SourceVersion "1"]
[SourceVersionDate "1993.08.01"]
[SourceQuality "1"]

1. d4 f5 2. Bg5 h6 3. Bh4 g5 4. e3 (4. Bg3 Nf6 5. Be5 $5 Bg7 6. h4 g4 7. e3 d6
8. Bxf6 Bxf6 9. Bc4 c6 $1 $10 (9... e5 10. Nc3 c6 11. dxe5 dxe5 12. Qxd8+ Kxd8
13. O-O-O+ Ke7 14. f3 $14 {Sideif-Zade-Avshalumov, Soviet 1987})) 4... Nf6 5.
Bg3 d6 6. h4 Rg8 (6... g4 7. h5 Be6 8. Ne2 Bf7 9. Nf4 Nc6 10. Bb5 a6 11. Ba4
Bg7 12. Bb3 $1 $14 {Seirawan,Y-Gurevich,D,USA-ch 1992}) 7. hxg5 hxg5 8. Bd3 (8.
Nd2 e6 9. c3 Qe7 10. Qc2 Nc6 (10... e5 11. dxe5 dxe5 12. Bc4 $14) 11. Bd3 Bd7
12. Ne2 Bg7 $2 13. Nf3 {+/=/+/- Cehov,V-Malanjuk,V, Moscow 1992}) (8. Bc4 e6 9.
Nc3 a6 10. a4 $6 d5 11. Be2 Bd6 12. Be5 Nc6 $10 {Ilic,D-Bareev,E, Vrnjacka
Banja 1987}) 8... Nc6 9. Nf3 e6 10. c4 Qe7 11. Qc2 Bd7 12. a3 O-O-O 13. d5 {
13.Nc3+/=} exd5 14. cxd5 Nxd5 15. Bxf5 Bg7 16. Be4 Nb6 17. Nbd2 d5 $10 18. Bd3
Rh8 19. O-O-O Rxh1 20. Rxh1 Rh8 21. Rxh8+ Bxh8 22. Nb3 Kb8 23. Nbd4 Ne5 $1 24.
Bb5 g4 $6 25. Nxe5 Bxe5 26. Bxe5 Qxe5 27. Bxd7 Nxd7 28. Qh7 $14 Qe8 29. Ne6 $6
Qxe6 30. Qh8+ Nf8 31. Qxf8+ Qc8 32. Qe7 Qg8 33. Qe5 a6 34. Kd2 b6 35. Ke2 Qf7
36. Kf1 Kb7 37. Kg1 c6 38. Qg5 Qd7 39. Kh2 Qd6+ 40. Kg1 Qd7 41. Qe5 c5 42. f4
gxf3 43. gxf3 a5 44. Kf2 Kc6 45. a4 Qd6 46. Qe8+ Kc7 47. f4 Qf6 48. Kg3 Qg7+
49. Kf3 Qf6 50. Qh5 Kd6 51. f5 d4 52. Qg6 Ke7 53. exd4 Qxd4 54. Qe6+ Kf8 55. f6
Qd1+ 56. Kg3 Qg1+ 57. Kf3 Qd1+ 58. Kg2 Qd2+ 59. Kg3 Qd3+ 60. Kh4 Qd4+ 61. Kh5
Qd1+ 62. Qg4 Qd5+ 63. Kh6 Qd2+ 64. Kh5 Qd5+ 65. Qg5 Qf3+ 66. Kh6 Qh1+ 67. Qh5
Qe4 68. b3 Qe3+ $10 69. Qg5 Qh3+ 70. Kg6 Qd3+ 71. Qf5 Qg3+ 72. Qg5 Qd3+ 73. Kh5
Qh3+ 74. Kg6 1/2-1/2

[Event "SUI Grand Prix"]
[Site "Suhr"]
[Date "1990.??.??"]
[Round "3"]
[White "Nemet, Ivan"]
[Black "Vaisser, Anatoli"]
[Result "1-0"]
[WhiteElo "2415"]
[BlackElo "2540"]
[Annotator "Schussler,H"]
[PlyCount "135"]
[EventDate "1990.??.??"]
[EventType "tourn"]
[EventRounds "9"]
[EventCountry "SUI"]
[EventCategory "9"]
[SourceTitle "CBM 017"]
[Source "ChessBase"]
[SourceDate "1990.08.01"]
[SourceVersion "1"]
[SourceVersionDate "1990.08.01"]
[SourceQuality "1"]

1. d4 e6 2. Nf3 f5 3. h3 d5 4. g4 Bd6 5. Rg1 f4 6. e3 fxe3 7. Bxe3 Nd7 8. c4 c6
9. Nc3 Qe7 10. Qc2 Ngf6 11. O-O-O a6 12. cxd5 cxd5 13. Bd3 b5 14. g5 Nh5 15.
Bxh7 Nf8 16. Bg6+ Nxg6 17. Qxg6+ Qf7 18. Qxf7+ Kxf7 19. Ne2 g6 20. Kb1 Bd7 21.
Nc1 b4 22. Nd3 Bb5 23. Nfe5+ Kg7 24. Rc1 Rac8 25. b3 Bxd3+ 26. Nxd3 Kf7 27.
Rxc8 Rxc8 28. Rc1 Rxc1+ 29. Kxc1 Ng7 30. Ne5+ Bxe5 31. dxe5 Nf5 32. Kd2 Ne7 33.
Bc5 Nc6 34. f4 Kg7 35. Kd3 Kf7 36. a3 bxa3 37. Bxa3 Ke8 38. Bc5 Kf7 39. Kc3 Ke8
40. Kb2 Kf7 41. Ka3 Ke8 42. Ka4 Kf7 43. b4 Ke8 44. h4 Kf7 45. b5 axb5+ 46. Kxb5
Ne7 47. Bxe7 Kxe7 48. Kc5 Kf8 49. Kd4 Kf7 50. Ke3 Kg7 51. Kf3 Kf7 52. Kg4 Kf8
53. h5 gxh5+ 54. Kxh5 Kg7 55. Kh4 Kf7 56. Kg4 Kg6 57. Kf3 Kf7 58. Ke3 Kg6 59.
Kd4 Kf5 60. Kd3 Kg6 61. Ke3 Kg7 62. Kf2 Kg6 63. Kg3 Kg7 64. Kh3 Kf7 65. Kh4 Kg7
66. Kh5 Kf7 67. g6+ Kf8 68. Kh6 {White wins after 68. - Kg8 69. f5.} 1-0

[Event "Leon"]
[Site "Leon"]
[Date "1990.??.??"]
[Round "1"]
[White "Romero Holmes, Alfonso"]
[Black "Sanz Alonso, Francisco Javier"]
[Result "1-0"]
[WhiteElo "2460"]
[BlackElo "2450"]
[Annotator "Schussler,H"]
[PlyCount "81"]
[EventDate "1990.06.??"]
[EventType "tourn"]
[EventRounds "11"]
[EventCountry "ESP"]
[EventCategory "9"]
[SourceTitle "CBM 020"]
[Source "ChessBase"]
[SourceDate "1991.02.01"]
[SourceVersion "1"]
[SourceVersionDate "1991.02.01"]
[SourceQuality "1"]

1. d4 f5 2. Nc3 d5 3. Bg5 c6 4. Qd3 Nf6 5. O-O-O e6 6. f3 Be7 7. e4 O-O 8. Nh3
Na6 9. e5 Nd7 10. Qe3 Nc7 11. Bxe7 Qxe7 12. Nf4 c5 13. h4 cxd4 14. Rxd4 Nb8 15.
Rd2 Nc6 16. Nb5 Nxb5 17. Bxb5 Na5 18. h5 a6 19. Bd3 Qc7 20. Ng6 Rf7 21. g4 f4
22. Nxf4 Nc4 23. Bxc4 Qxc4 24. Ne2 Qxa2 25. Nc3 Qa1+ 26. Nb1 Bd7 27. f4 Rc8 28.
b3 a5 29. Qd4 Qa2 $2 30. Rh3 a4 31. c4 axb3 32. Rxa2 bxa2 33. Nd2 Rxf4 34. Qb2
Rcxc4+ 35. Kd1 Ba4+ 36. Ke1 Rc2 37. Qa3 Be8 38. Rf3 Rxf3 39. Nxf3 Bc6 40. Ng5
Ba4 41. Qxa4 1-0

[Event "Groningen op"]
[Site "Groningen"]
[Date "1990.??.??"]
[Round "8"]
[White "Carlier, Bruno"]
[Black "Klip, Hans"]
[Result "1-0"]
[WhiteElo "2390"]
[BlackElo "2305"]
[Annotator "Schussler,H"]
[PlyCount "61"]
[EventDate "1990.??.??"]
[EventType "swiss"]
[EventRounds "9"]
[EventCountry "NED"]
[SourceTitle "CBM 022"]
[Source "ChessBase"]
[SourceDate "1991.06.01"]
[SourceVersion "1"]
[SourceVersionDate "1991.06.01"]
[SourceQuality "1"]

1. Nf3 f5 2. d4 Nf6 3. Nc3 d5 4. Bf4 e6 5. Qd3 Bd6 6. Bxd6 Qxd6 7. Ne5 O-O 8.
f3 Nbd7 9. Nxd7 Bxd7 10. O-O-O b6 11. e3 c5 12. Qa6 c4 13. g3 Qb8 14. e4 Bc8
15. Qa3 b5 16. Qb4 Bd7 17. e5 a5 $2 {17. - Ne8} 18. Qc5 Ne8 19. Nxd5 $1 Ra6 20.
Nf4 Rc6 21. Qa3 b4 22. Qxa5 Nc7 23. d5 Ra6 24. Qc5 Rc8 25. Bxc4 Nxd5 26. Qd4
Rac6 27. Bxd5 Rxc2+ 28. Kb1 exd5 29. Qxd5+ Kf8 30. Qxd7 Qxe5 31. Qd6+ 1-0

[Event "Munich SKA"]
[Site "Munich"]
[Date "1991.05.15"]
[Round "10"]
[White "Polgar, Zsuzsa"]
[Black "Beliavsky, Alexander G"]
[Result "0-1"]
[WhiteElo "2510"]
[BlackElo "2640"]
[Annotator "Schussler,H"]
[PlyCount "56"]
[EventDate "1991.05.04"]
[EventType "tourn"]
[EventRounds "13"]
[EventCountry "GER"]
[EventCategory "14"]
[SourceTitle "CBM 023"]
[Source "ChessBase"]
[SourceDate "1991.08.01"]
[SourceVersion "1"]
[SourceVersionDate "1991.08.01"]
[SourceQuality "1"]

1. d4 {Polgar,Zsu} f5 2. Bg5 g6 3. Nc3 d5 4. e3 Bg7 5. h4 c6 6. Bd3 Qb6 7. Rb1
Nd7 8. Nf3 Ngf6 9. h5 Ne4 10. hxg6 hxg6 11. Rxh8+ Bxh8 12. Bxe4 fxe4 (12...
dxe4 {Polgar,Zsu} 13. Nh4 Nf8 (13... Kf7 14. Nxf5 $1 gxf5 15. Qh5+ $18) 14.
Nxg6 $1 Nxg6 15. Qh5 Kf7 (15... c5 16. Nd5 Qd6 17. Nxe7 Kf7 18. Qh7+ Bg7 19.
Qg8#) 16. Qh7+ Bg7 17. Bh6 $18) 13. Nh4 Kf7 14. Qg4 (14. Bxe7 $6 {Polgar,Zsu}
Bf6 15. Bxf6 Nxf6 16. f4 (16. g3 $2 g5 $17) 16... Bg4 17. Qd2 Rh8 18. Qf2 (18.
g3 Bf3) 18... c5 $1 {with copensation}) 14... Nf8 (14... Nf6 {Polgar,Zsu} 15.
Qf4 Be6 16. f3 $16) 15. Qg3 (15. Qf4+ {Polgar,Zsu} Bf6 16. Bxf6 exf6 17. Qh6 g5
18. Ng6 Bf5 (18... Nxg6 19. Qh7+ Ke6 20. Qg8+ Ke7 21. Qg7+ Ke6 22. Qxg6 Bd7 23.
Qh7 Qd8 24. Kd2 Qh8 25. Rh1 Qxh7 26. Rxh7 Re8 $10) 19. Nh8+ Ke6 20. Qg7 Nd7 21.
Nf7 $18) 15... Be6 16. Bh6 (16. f3 {Polgar,Zsu} c5 17. fxe4 cxd4 18. Nxd5 Bxd5
19. exd5 $10) 16... Bf6 $1 $10 17. Bxf8 $2 g5 $1 $17 18. Bh6 gxh4 19. Qh2 c5 $1
20. Ne2 Qa5+ 21. Kf1 Qxa2 $19 22. Re1 Qxb2 23. Bf4 h3 24. gxh3 Rh8 25. Ng1 cxd4
26. Be5 Qxc2 27. Bxf6 exf6 28. exd4 Qd3+ 0-1

[Event "Chigorin Memorial 07th"]
[Site "St Petersburg"]
[Date "1999.11.07"]
[Round "6"]
[White "Volkov, Sergey"]
[Black "Malaniuk, Vladimir P"]
[Result "1/2-1/2"]
[WhiteElo "2575"]
[BlackElo "2525"]
[Annotator "Tsesarsky,I"]
[PlyCount "139"]
[EventDate "1999.11.02"]
[EventType "swiss"]
[EventRounds "9"]
[EventCountry "RUS"]
[SourceTitle "CBM 074"]
[Source "ChessBase"]
[SourceDate "2000.02.01"]
[SourceVersion "1"]
[SourceVersionDate "2000.02.01"]
[SourceQuality "1"]

1. d4 f5 2. Nc3 {Malaniuk is recognized expert in this opening. Therefore
Volkov wants to evade from theoretical dispute.} Nf6 3. Bg5 d5 4. f3 Nc6 (4...
e6 5. e4 Be7 6. exf5 (6. e5 Nfd7 7. Bxe7 Qxe7 8. f4 O-O 9. Nf3 c5 10. Qd2 Nc6
$132) 6... exf5 7. Qd2 O-O 8. O-O-O c6 9. Bd3 $14 {1/2-1/2 Sakaev,K-Malaniuk,V/
Elista RUS 1998 (26)}) 5. Qd2 h6 (5... e6 6. O-O-O (6. e3 Bb4 7. a3 Be7 8. Bb5
O-O 9. Nge2 a6 10. Ba4 b5 11. Bb3 Na5 12. Bxf6 Bxf6 13. Ba2 Nc4 14. Bxc4 dxc4
$11 {1/2-1/2 Laine,H-Kortelainen,J/JSM 1993 (49)}) (6. e4 dxe4 7. O-O-O Be7 (
7... Bb4 8. a3 Bxc3 9. Qxc3 exf3 10. gxf3 O-O 11. Bc4 Ne7 12. Ne2 Ned5 13. Qe1
$44 {1-0 Sedlock,E-Hayward,K/cr USA Mkl 1986 (29)}) 8. fxe4 Nxe4 9. Nxe4 fxe4
10. Bxe7 Qxe7 11. Ne2 Bd7 12. Ng3 O-O-O $132 {1/2-1/2 Nilssen,J-Roberts,P/
EUchJ Vejen 1993/EXT 93ch (55)}) 6... Be7 (6... Bb4 7. h4 Bd7 8. Nh3 h6 9. Bf4
Qe7 10. Nf2 Na5 11. e4 fxe4 12. fxe4 dxe4 13. a3 Bxc3 14. Qxc3 b6 15. Qg3 $44 {
1-0 Koerholz,L-Gross,G/It, Trier GER 1997 (27)}) 7. e4 fxe4 8. fxe4 Nxe4 (8...
dxe4 9. Nge2 O-O 10. Kb1 e3 11. Bxe3 b5 12. Ng3 $14 {1-0 Kempinski,R-Yilmaz,T/
Elista RUS 1998 (44)}) 9. Nxe4 dxe4 10. Bxe7 Qxe7 11. Re1 O-O 12. Bc4 Qh4 13.
Ne2 Bd7 14. Ng3 $132 {1-0 Dao Thien Hai-Danner,G/Budapest Elekes ,EXT 1993 (50)
}) (5... g6 6. O-O-O Bg7 7. Bh6 O-O 8. Nh3 a6 9. Bxg7 Kxg7 10. Nf4 Qd6 11. e3
$14 {1-0 Sokolov,I-Illescas Cordoba,M/Hoogovens, Wijk aan Zee NED 1997 (42)})
6. Bxf6 (6. Bh4 g5 7. Bf2 Bg7 $11) 6... exf6 7. e4 $6 {Black has par of
bishops and doesn't refuse to open the game.} (7. e3 $11) 7... fxe4 8. fxe4
dxe4 9. d5 Ne5 10. Nxe4 f5 $15 11. Ng3 (11. Nf2 Be7 12. Nf3 Nxf3+ 13. gxf3 Qd6
14. f4 Bd7 15. Bg2 g5 $17 {1/2-1/2 Crane,H-Zavanelli,M/cr 1987 (47)}) 11... Bc5
12. O-O-O (12. Bb5+ Kf7 $1 (12... c6 13. dxc6 bxc6 (13... Qxd2+ 14. Kxd2 bxc6
15. Re1 cxb5 16. Rxe5+ Be7 17. Nf3 (17. Rxb5 g6 $44)) 14. Qxd8+ Kxd8 15. O-O-O+
Kc7 16. Be2 Re8 $15) 13. Nf3 (13. O-O-O Ng4 {[%cal Gc5e3,Gg4f2]} 14. Qc3 Qd6 (
14... Be3+ 15. Kb1 Nf2 16. Qxe3 Nxd1 17. Qf3 $132) 15. Nf3 Nf2 16. Nh5 Rh7 17.
Qe1 Qe7 $19) 13... Nxf3+ 14. gxf3 a6 15. Be2 Re8 $17) 12... O-O 13. Qc3 (13.
Nh3 Qd6 $15) 13... Qg5+ $6 (13... Qd6 14. Be2 Bd7 15. Nf3 Rae8 $15) 14. Kb1 Qe3
15. Bd3 Bd4 (15... Nxd3 16. Rxd3 Qe7 17. Nf3 Bd7 18. Ne5 Be8 19. Re1 Qd6 $132)
16. Qb3 Nxd3 17. cxd3 (17. Qxd3 Qxd3 18. Rxd3 Bc5 19. Nf3 Re8 20. Nd4 Re5 21.
c4 Bd7 $15) 17... Be5 $5 (17... Rf6 $2 {[%csl Rb2][%cal Gf6b6]} 18. d6+ Kh7 (
18... Be6 19. Qxb7 Rc8 20. Nf3 $16 {[%cal Gh1e1]}) 19. Nf3 Bxb2 (19... Bb6 20.
Rhe1 Be6 21. Qc3 Qc5 22. Qxc5 Bxc5 23. dxc7 Rc8 24. Nh5 $18) 20. Qxb2 Rxd6 21.
Rhe1 $16) (17... Bf6 $5 18. Rc1 (18. Nf3 Qb6 $15) 18... c6 19. dxc6+ Be6 20.
Qa3 bxc6 21. Nf3 Rab8 (21... Rfb8 22. Rc2 $132) 22. Rc2 Rfd8 23. Rd1 (23. Re2
Qxd3+ 24. Qxd3 Rxd3 25. Rxe6 Rxb2+ 26. Kc1 Rxg2 $17) 23... Qb6 $15) 18. Nf3 (
18. d6+ Rf7 (18... Kh8 19. dxc7 Bxc7 20. Nf3 Be6 21. Qxb7 Qb6 22. Qxb6 axb6 23.
a3 $44) 19. Nf3 Bxd6 20. Rhe1 Qb6 21. Re8+ Bf8 22. Qxb6 (22. Qc4 Qc6 23. Qxc6
bxc6 24. Ne5 Re7 25. Rxe7 Bxe7 26. Nxc6 Bd6 $15) 22... axb6 23. Rde1 f4 24. Ne4
Re7 25. Nf6+ (25. Rd8 Rd7 26. Re8 Rxd3 $17) 25... Kf7 26. R8xe7+ Bxe7 27. Nd5
Bd6 28. Ne5+ Kg8 29. Nc4 Bf5 30. Kc2 Bc5 $15) 18... Bd6 19. Rhe1 Qb6 20. Qc4
Bd7 21. Nd4 {[%cal Gd4e6] White put N on a central position, indemnifying
lacks of pawn structure.} Rf7 (21... Rae8 22. Ne6 Rf7 23. Re2 Qa5 24. Rf1 c6
$15) 22. Rc1 Rc8 (22... Rd8 23. Rc2 (23. Ne6 Re8 24. d4 Qa5 $15 {[%csl Re6]
[%cal Gc7c6,Ga5e1]}) 23... g6 $15) 23. Nh5 $6 g6 $6 (23... Bxh2 $1 {Being not
afraid ghosts!} 24. Ne6 (24. g3 Qg6 $1 $17 {"long" move!}) 24... Bd6 $17) 24.
Ng3 Qb4 (24... c6 25. dxc6 bxc6 26. Nb3 $11) 25. a3 Qxc4 (25... Qb6 $5 $15) 26.
dxc4 Re7 (26... h5 27. c5 Bf4 28. Rcd1 h4 29. Nf1 Rd8 $132) 27. Rxe7 Bxe7 28.
Nge2 $2 $17 (28. c5 $1 Rd8 29. c6 bxc6 30. Nxc6 Bxc6 31. Rxc6 Bd6 32. Kc2 Kf7
33. b4 Re8 34. Kd3 Re5 35. Ra6 Rxd5+ 36. Ke2 $15) 28... Bf6 29. c5 Re8 30. Rc2
Re5 (30... Kf7 $6 31. c6 bxc6 32. dxc6 Bc8 33. Nb5 Be5 34. g3 (34. Nxa7 Ba6 $19
{[%csl Ra7,Rc2][%cal Ga6d3,Ge8a8]}) 34... Ba6 35. a4 Rd8 $15) 31. c6 bxc6 32.
dxc6 Be8 33. a4 a6 (33... Re4 $6 34. Rd2 (34. Nb5 Be5 35. g3 a6 $17) 34... Bg5
35. Rd1 (35. Rc2 Bf7 $17) 35... Bf7 (35... Bxc6 36. Nc3 $1 $44) 36. Nc3 $15)
34. b4 Re4 35. Rd2 Bg5 36. Rd1 Bf6 (36... Bxc6 $6 37. Nxc6 Rxe2 38. a5 Bf6 (
38... Rxg2 $2 39. b5 axb5 40. a6 Be3 41. Nd4 Bxd4 42. Rxd4 Rg1+ 43. Kb2 Rg2+
44. Kb3 Rxh2 45. Rd8+ Kf7 46. a7 Rh3+ 47. Kb4 c5+ 48. Kxb5 Ra3 49. a8=Q Rxa8
50. Rxa8 $18) (38... Re6 39. Nb8 Be7 40. Rd4 (40. b5 Re5 $1 $19) 40... c5 41.
bxc5 Bxc5 42. Rc4 Be7 $17) 39. Rd5 $1 (39. Nb8 Rb2+ 40. Kc1 Rxb4 41. Nxa6 Rb5
42. Rd7 c5 $17) 39... Re6 (39... Rxg2 $2 40. b5 axb5 41. a6 Rb2+ 42. Kc1 Ra2 (
42... Rxh2 43. a7 Ra2 44. Rxb5 $16) 43. a7 Ra6 44. Kd1 Kf7 45. Rxb5 Bd4 46.
Nxd4 Rxa7 $11) 40. Nb8 Bc3 41. b5 Bxa5 42. bxa6 Bb6 43. Nd7 Bg1 44. Ra5 Ba7 $17
) 37. b5 axb5 38. axb5 Be5 39. Rd2 (39. g3 Bf7 $17) 39... Bf7 (39... Bxh2 $2
40. g3 $1 {[%cal Gb5b6]} f4 41. b6 cxb6 42. c7 Bd7 43. Nf3 $44) 40. Nc2 Ra4 41.
Rd8+ Kg7 42. g3 Rc4 (42... Kf6 43. Ned4 Bc4 $17) 43. Ned4 Rc5 44. Rd7 Kf6 45.
b6 $2 $19 (45. Na3 Be8 $19) (45. Nb4 Bxd4 46. Rxd4 Rxb5 47. Kc2 $17) 45... cxb6
46. Rb7 Bd5 $2 {After this move to take on c6 any more it is not possible.
White loses a pawn, but not a game.} (46... Bc4 47. Rxb6 Bd3 48. c7+ (48. Rb3
Be4 $19) 48... Kf7 49. Rb3 (49. Rc6 Rxc6 50. Nxc6 Bxc7 $19) 49... Bc4 (49...
Be4 50. Rb5 Bxc2+ 51. Kc1 $1 Rxc7 52. Rxe5 $15) 50. Rb7 Rxc7 51. Rxc7+ Bxc7 $19
) 47. Rxb6 Be4 48. c7+ Kf7 49. Rb5 Bxc2+ 50. Kc1 $1 {In it essence of the
tactical trap in which have falled black} Rxc7 51. Rxe5 Be4+ 52. Kd2 Ra7 53.
Ne2 g5 54. Nc3 Kf6 55. Rb5 Re7 56. Rb6+ Kg7 57. Ke3 Bd5+ 58. Kf2 Bf7 59. Rc6
Re5 60. h4 Ra5 61. hxg5 hxg5 62. Ke3 Bg6 63. Ne2 Re5+ 64. Kf2 Rd5 65. Nc3 Rd3
66. Rc5 Bf7 67. g4 fxg4 68. Rxg5+ Kh6 69. Rc5 g3+ 70. Kg2 1/2-1/2

[Event "Leon-B"]
[Site "Leon"]
[Date "1996.??.??"]
[Round "1"]
[White "Romero Holmes, Alfonso"]
[Black "Vallejo Pons, Francisco"]
[Result "1-0"]
[WhiteElo "2425"]
[BlackElo "2355"]
[Annotator "Tsesarsky,I"]
[PlyCount "49"]
[EventDate "1996.06.??"]
[EventType "tourn"]
[EventRounds "9"]
[EventCountry "ESP"]
[EventCategory "9"]
[SourceTitle "CBM 054"]
[Source "ChessBase"]
[SourceDate "1996.10.01"]
[SourceVersion "1"]
[SourceVersionDate "1996.10.01"]
[SourceQuality "1"]

1. d4 {Romero} f5 2. Nc3 d5 3. Bg5 Nf6 4. Qd3 $5 {Romero: Probably this is
novelty in this position, although the idea is known - see the variation 3...
c6 4.Qd3 -.} (4. Bxf6 exf6 5. e3 Be6 6. Bd3 c6 7. Nce2 g6 8. Nf4 Bf7 9. h4 h5
10. Nge2 $14 {Vaisser,A-Sausey,M/Nimmes op/1991/1:0/35/}) (4. e3 e6 5. g4 fxg4
6. Nge2 Nc6 7. h3 gxh3 8. Nf4 Qe7 9. Rxh3 Qf7 10. Be2 $36 {Lputian,S-Yedidia,J/
USA/1995/1:0/58/}) 4... e6 5. O-O-O c5 {Romero: This must be a normal sequence
against White set up.} 6. dxc5 (6. e3 Nc6 7. Nf3 (7. Bxf6 Qxf6 8. Nb5 Qf7 9.
Nf3 a6 10. Nc3 Bd6 $10) 7... c4 8. Qd2 Bb4 9. h3 O-O 10. Bxf6 Qxf6 $10) 6...
Nbd7 (6... Bxc5 $2 7. e4 $1 Bxf2 (7... fxe4 8. Nxe4 Be7 9. Nxf6+ Bxf6 10. h4 $5
$16) 8. exd5 O-O 9. Qe2 Bxg1 10. Rxg1 $16) 7. f3 Ne5 (7... Nxc5 8. Qd4 Ncd7 (
8... Be7 9. Bxf6 gxf6 10. g4 $1 fxg4 11. Qxg4 $16) 9. e4 Bc5 10. Qd2 fxe4 11.
fxe4 d4 (11... dxe4 $6 12. Bxf6 Qxf6 13. Nxe4 Qe5 14. Nxc5 Qxc5 15. Nf3 $14)
12. Na4 Nxe4 13. Bxd8 Nxd2 14. Rxd2 Kxd8 15. Nxc5 Nxc5 16. Rxd4+ $14) 8. Qd2 {
Romero: The best move without fearing Nc4} (8. Qe3 Nc4 9. Qd4 Qa5 10. Bxf6 Bxc5
) (8. Qd4 Nc6 9. Qh4 Bxc5 10. e4 d4 {Romero: This was black s idea of 7...Ne5.}
) 8... Bxc5 (8... Nc4 $2 9. Qe1 Qa5 (9... Bxc5 10. e4 $16) 10. e4 fxe4 11. fxe4
$1 (11. Bxc4 dxc4 12. Qh4 $1 (12. Nd5 $2 c3 $6 (12... Qxc5 $2 13. Nxf6+ gxf6
14. Bxf6 Rg8 (14... Bh6+ 15. Kb1 Rf8 16. Qh4 Be3 17. Bg7 $1 $18) 15. Qxe4 Rxg2
16. Qxh7 Bd6 17. h4 $18) (12... Qxe1 $1 13. Nc7+ Kf7 14. Rxe1 Rb8 15. fxe4 Bxc5
$10) 13. Qxc3 (13. Nxf6+ $2 gxf6 14. Bxf6 Qxa2 15. Rd8+ Kf7 16. Rxf8+ $8 (16.
Qxc3 Bh6+ 17. Kd1 Rxd8+ 18. Bxd8 Qd5+ 19. Ke2 Qxd8 $19) 16... Rxf8 17. Bxc3
Qa1+ $15) (13. Bxf6 $5 exd5 14. Bxc3 Qxa2 15. fxe4 dxe4 16. Qxe4+ Be6 17. b4
Be7 18. Nf3 $16) (13. Nxc3 exf3 14. Nxf3 Qxc5 15. Ne4 $32 $16) 13... Qxc3 14.
Nxc3 $14) 12... Be7 13. Nxe4 O-O $8 14. Nxf6+ gxf6 (14... Bxf6 15. Bxf6 Rxf6
16. Qxc4 $18) 15. Bh6 Rf7 16. Qg4+ Kh8 17. Qxc4 $18) 11... Qb4 12. Bxc4 $8 dxc4
$8 13. Qh4 Be7 14. e5 $18) (8... Bd7 9. e4 dxe4 (9... fxe4 10. fxe4 Bxc5 11.
exd5 O-O 12. Re1 (12. Nf3 Nxf3 13. gxf3 Bb4 $8 14. Bc4 exd5 (14... Qc8 15. dxe6
Bxe6 16. Bxe6+ Qxe6 17. Rhe1 Qc6 18. Re3 $16) 15. Bxd5+ (15. Bxf6 $2 Qxf6 16.
Qxd5+ Kh8 17. Qxd7 Bxc3 18. bxc3 Qf4+ $10) 15... Kh8 16. Bxb7 Rb8 17. Ba6 Qb6
18. Bc4 Rfc8 19. Bb3 Bxc3 20. bxc3 $16) 12... Bd6 13. Nf3 $1 (13. Bf4 Qc7 14.
dxe6 $16 (14. Bb5 $5)) 13... Nxf3 14. gxf3 e5 $8 15. Rg1 $18) 10. fxe4 Bxc5 11.
exf5 O-O 12. Re1 Qc7 13. Bf4 Bd6 14. fxe6 Nd3+ 15. Qxd3 Bxf4+ 16. Kb1 Rae8 17.
Qc4 $18) 9. e4 fxe4 $8 (9... O-O 10. exd5 exd5 11. Nxd5 Nxd5 $5 12. Qxd5+ (12.
Bxd8 Be3 13. Bg5 Bxd2+ 14. Bxd2 $16) 12... Qxd5 13. Rxd5 $16) 10. fxe4 d4 $2 (
10... O-O $5 11. exd5 exd5 12. Bxf6 (12. Qe2 Qd6 13. Nb5 (13. Bxf6 $2 Qxf6 14.
Nxd5 Qh6+ 15. Kb1 Bg4 $15) 13... Qe7 (13... Qb8 14. Bxf6 Rxf6 15. Rxd5 Bg4 $44)
14. Rxd5 $16 Be3+ 15. Kb1) 12... Rxf6 13. Qxd5+ $6 (13. Ne4 $1 Rc6 $8 14. Bb5
$1 (14. Qxd5+ Qxd5 15. Rxd5 Be3+ (15... Nd7 16. Nf3 Be3+ 17. Kd1 Nf8 18. Bb5
$16) 16. Kb1 Nf7 17. Bb5 Re6 18. Bd3 $14) 14... Qb6 15. Qxd5+ Be6 16. Qxe5 Qxb5
17. Nxc5 (17. Nd6 $6 Rxd6 18. Rxd6 Bxa2 $44) 17... Qxc5 18. Qxc5 Rxc5 19. a3 (
19. b3 Rac8 20. Rd2 Bf5 $15) 19... Bf5 20. Rd2 Rac8 21. c3 a5 22. Nf3 b5 23.
Rhd1 $16) 13... Qxd5 14. Nxd5 Rf2 15. Nf3 Nxf3 16. gxf3 Bf5 (16... Be6 17. Bc4
Rxf3 (17... Rf8 18. Ne7+ Kf7 19. Bxe6+ Kxe6 20. Rhe1+ Kf7 21. Rd7 Rxh2 22. Rxb7
$16) 18. Nc7 Bxc4 19. Nxa8 Bxa2 20. Rd8+ (20. Rd7 Be6 $1 21. Rc7 $13 (21. Rxb7
$2 Bd5 $1 $17)) 20... Kf7 21. Rd7+ Kf6 22. Rxb7 Bd5 23. Rb8 Rf2 24. Re1 Rxh2
25. Nc7 $13) 17. Bd3 (17. Rd2 Rxd2 18. Kxd2 Rd8 19. c4 Be6 20. Kc3 b5 21. b3 (
21. b4 Bd6 $15) 21... bxc4 (21... Kf8 22. Nf4 (22. Bg2 $44) 22... b4+ 23. Kc2
Bf7 24. Bd3 g5 25. Ne2 h5 26. f4 $16) 22. bxc4 $14) 17... Bxd3 18. Rxd3 Re8 19.
Nc3 Be3+ 20. Kd1 Kf8 (20... Rxf3 $2 21. Re1 $18) 21. Re1 Bf4 22. Rxe8+ Kxe8 $10
) 11. Na4 Be7 $2 {Romero: Black was aiming for this positional sacrifice} (
11... b6 $5 12. Nxc5 (12. Bb5+ Bd7 13. Qf4 Ng6 14. Bxd7+ Qxd7 15. Nxc5 bxc5 16.
Qf3 O-O $15) 12... bxc5 13. Nf3 $1 (13. Bb5+ Bd7 14. Bxd7+ Nexd7 $13) 13...
Nxf3 (13... Nxe4 $2 14. Bxd8 Nxd2 15. Nxe5 Nxf1 16. Rhxf1 Kxd8 17. Nf7+ $18) (
13... Ned7 14. e5 Ne4 15. Bxd8 Nxd2 16. Rxd2 Kxd8 17. b4 $1 cxb4 18. Nxd4 Re8
19. Bc4 $16) 14. gxf3 $16) 12. Qxd4 Qxd4 $8 13. Rxd4 Nc6 {Romero: White is not
well coordinated and has problems in the control of the black squares. This
move goes against the e4 pawn but spoils the compensation.} (13... Bd7 $1 14.
Bxf6 (14. Nf3 Nc6 15. Bxf6 Nxd4 16. Bxg7 $2 (16. Bxd4 Bxa4 17. Bxg7 $13) 16...
Nxf3 17. Bxh8 Bg5+ 18. Kd1 Bxa4 19. gxf3 O-O-O+) (14. Nc3 Bc5 15. Rd2 Nfg4 16.
Nf3 Nxf3 17. gxf3 Nf2 18. Rg1 Nh3) 14... gxf6 15. Nf3 Rg8 $44 {Romero: and
black has good control of the black squares} (15... Ng4)) 14. Bb5 $2 (14. Bxf6
Bxf6 15. Rd1 Rf8 16. Nf3 $14) 14... Bd7 $2 (14... Nd7 $1 15. Be3 (15. Rxd7
Bxg5+ 16. Rd2 Bxd2+ 17. Kxd2 Ke7 $15) 15... Nxd4 16. Bxd4 O-O 17. Nf3 Nf6 18.
Nc3 Bb4 19. Bd3 Bd7 $15) 15. Bxf6 (15. Bxc6 Bxc6 16. Nf3 O-O 17. e5 Nd5 18.
Bxe7 Nxe7 19. Nc5 $14) (15. Rd1 $5 h6 (15... Nxe4 16. Bxe7 Nf2 (16... Kxe7 17.
Nh3 Rad8 (17... Ne5 $6 18. Bxd7 Nxd7 19. Rhe1 Nd6 20. Nf4 $16) 18. Rhe1 Nd6 $14
) 17. Bc5 Nxh1 18. Nf3 Ne5 19. Nc3 Bxb5 20. Nxb5 $16) 16. Bxf6 Bxf6 17. Nc5
O-O-O 18. Nxd7 Rxd7 19. Nf3 $16) 15... Bxf6 (15... gxf6 16. Rd1 Rg8 17. g3 $14)
16. Rd1 b6 {Romero: Avoiding Nc5, but weakening terribly the diagonal.} (16...
a6 $5 17. Bxc6 $6 (17. Nb6 Rd8 18. Ba4 $5 $14 (18. Rxd7 $4 axb5 19. Rxd8+ Bxd8
20. Na8 $17) (18. Nxd7 Bxb2+ $1 (18... Rxd7 19. Rxd7 Kxd7 20. Bxc6+ Kxc6 21.
Nf3 $16) 19. Kxb2 axb5 20. Nf3 Rxd7 $14)) 17... Bxc6 18. Nc5 Ke7 19. Nf3 b6 20.
e5 bxc5 21. Rhe1 Rhd8 22. exf6+ gxf6 $10) (16... Ne5 $5 17. Bxd7+ Nxd7 18. Nf3
b5 19. Nc3 $14) 17. Nf3 O-O-O $6 (17... Rc8 18. Rd2 (18. Rxd7 Kxd7 19. e5 Bd8
$8 20. Nd4 a6 $8 21. Bxc6+ Rxc6 22. Nxc6 Kxc6 $10) 18... Ke7 19. Re1 (19. Rhd1
Rhd8 20. Rxd7+ Rxd7 21. Rxd7+ Kxd7 22. e5 Bd8 23. Nd4 Bg5+ 24. Kd1 Bf4 25. Nxc6
Rxc6 26. h4 Bxe5 27. g4 Kd6 28. Bxc6 Kxc6 $17) 19... e5 20. Nc3 $16) 18. Rxd7
$1 Kxd7 19. e5 a6 (19... Be7 20. Nd4 Rc8 21. Rd1 Bg5+ 22. Kb1 $18) 20. Bxc6+ (
20. Nxb6+ $2 Kc7 21. Bxc6 Kxc6 22. exf6 Kxb6 23. Re1 $16) 20... Kxc6 21. exf6
gxf6 22. Re1 e5 23. Nc3 Rhg8 24. g3 Kc7 25. Nh4 {Romero: With the blockade of
the hanging pawns, white s advantage its decisive.} 1-0